000 00510nam a22001577a 4500
005 20140912155151.0
008 140912b2012 fr ||||| |||| 00| 0 fre d
041 _afre
082 0 4 _a708
_bM98m
110 2 _aMuseum National d' Histoire Naturelle
_926905
245 1 0 _aMuseum National d' Histoire Naturelle :
_braport d´activité 2012
260 _aParis,
_bMuseum National d' Histoire Naturelle
_c2012
300 _a60 p.
_bfot. (col)
_c30 cm.
650 6 _aMuseo
_xhistoria natural
_926909
942 _2ddc
_cLIBRO
999 _c8697
_d8697